Snowfed waters / (Record no. 151753)

MARC details
000 -LEADER
fixed length control field 00509nam a22001817a 4500
005 - DATE AND TIME OF LATEST TRANSACTION
control field 20180425152317.0
010 ## - LCCN (DPL NO)
LC control number ENG-122663
020 ## - INTERNATIONAL STANDARD BOOK NUMBER
International Standard Book Number 9789386338211
Terms of availability 399.00
035 ## - SYSTEM CONTROL NUMBER
System control number EN-106195
037 ## - SOURCE OF ACQUISITION
Source of stock number/acquisition DBAD/PUB
082 ## - DEWEY DECIMAL CLASSIFICATION NUMBER
Classification number N
100 ## - MAIN ENTRY--PERSONAL NAME
Personal name Howarh, Jane Wilson
245 ## - TITLE STATEMENT
Title Snowfed waters /
Statement of responsibility, etc by Jane Wilson Howarh
260 ## - PUBLICATION, DISTRIBUTION, ETC. (IMPRINT)
Place of publication, distribution, etc New Delhi
Name of publisher, distributor, etc Speaking Tiger Publications
Date of publication, distribution, etc 2017
270 ## - ADDRESS
Address 4381/4, Ansari Road, Daryaganj,
City New Delhi
Postal code 110002
300 ## - PHYSICAL DESCRIPTION
Extent 287p.
Dimensions 22cm(pbk)
942 ## - ADDED ENTRY ELEMENTS (KOHA)
Source of classification or shelving scheme Dewey Decimal Classification
Item type English Books
Call number suffix HOW
Classification part N
Holdings
Withdrawn status Lost status Not for loan Collection code Home library Current library Date acquired Source of acquisition Cost, normal purchase price Full call number Barcode Copy number Cost, replacement price Koha item type
      Fiction Shahdara Branch Shahdara Branch 25/04/2018 DBAD/PUB 399.00 N HOW EN-106195 1 399.00 English Books

© Delhi Public Library
Hit Counter
free hit counter